| 000 | 00842cam a2200277 i 4500 | ||
|---|---|---|---|
| 001 | bg | ||
| 003 | KOSZ 005 | ||
| 005 | 20211214083654.0 | ||
| 008 | 991112s1999 pl f |000 0 pol d | ||
| 020 | _a839016891X | ||
| 040 | _cBPK | ||
| 080 | _a004.045 | ||
| 080 | _a004.438 | ||
| 080 | _a(07) | ||
| 100 | 1 |
_aGrębosz, Jerzy _eAutor |
|
| 245 | 1 | 0 |
_aSymfonia C++ : _bprogramowanie w języku C++ orientowane obiektowo. _nT.3 / _cJerzy Grębosz. |
| 250 | _a[Wyd. 4 uzup.]. | ||
| 260 |
_aKraków : _b"Kallimach", _c1999. |
||
| 300 |
_aXI, S. 496-748 ; _c24 cm. |
||
| 504 | _aIndeks. | ||
| 650 | 4 |
_aC++ _xprogramowanie. |
|
| 655 | 4 | _aPodręcznik | |
| 650 | 4 | _aProgramowanie obiektowe | |
| 856 |
_uhttp://koha.tu.koszalin.pl/cgi-bin/koha/opac-detail.pl?biblionumber=35923 _yKatalog online BPK |
||
| 942 |
_cKS _2UKD |
||
| 999 |
_c35923 _d35923 |
||